ऐसे नवल वर्तले (Record no. 1067475)

MARC details
000 -LEADER
fixed length control field 00587nam a2200193Ia 4500
008 - FIXED-LENGTH DATA ELEMENTS--GENERAL INFORMATION
fixed length control field 151119s9999||||xx |||||||||||||| ||und||
082 ## - DEWEY DECIMAL CLASSIFICATION NUMBER
Classification number 891.462
082 ## - DEWEY DECIMAL CLASSIFICATION NUMBER
Item number GKKV13880
100 ## - MAIN ENTRY--PERSONAL NAME
Personal name प्रभावळकर दिलीप
245 ## - TITLE STATEMENT
Title ऐसे नवल वर्तले
260 ## - PUBLICATION, DISTRIBUTION, ETC. (IMPRINT)
Place of publication, distribution, etc --
260 ## - PUBLICATION, DISTRIBUTION, ETC. (IMPRINT)
Name of publisher, distributor, etc --
260 ## - PUBLICATION, DISTRIBUTION, ETC. (IMPRINT)
Date of publication, distribution, etc 1969
600 ## - SUBJECT ADDED ENTRY--PERSONAL NAME
Personal name प्रभावळकर दिलीप
630 ## - SUBJECT ADDED ENTRY--UNIFORM TITLE
Uniform title ऐसे नवल वर्तले
700 ## - ADDED ENTRY--PERSONAL NAME
Personal name प्रभावळकर दिलीप
730 ## - ADDED ENTRY--UNIFORM TITLE
Uniform title ऐसे नवल वर्तले
942 ## - ADDED ENTRY ELEMENTS (KOHA)
Koha item type Book
Holdings
Withdrawn status Lost status Damaged status Not for loan Home library Current library Date acquired Cost, normal purchase price Total Checkouts Full call number Barcode Date last seen Cost, replacement price Price effective from Koha item type
        G.K. Khandekar Vachanalaya, Mulund G.K. Khandekar Vachanalaya, Mulund 10/03/2012 0.00   GKKV13880 GKKV13880 11/19/2015 0.00 11/19/2015 Book